| 000 | 00350pam a2200145a 44500 | ||
|---|---|---|---|
| 008 | 230405s2010 xxu||||| |||| 00| 0 eng d | ||
| 041 | _aENG | ||
| 100 | _aGULATI R.R | ||
| 245 | _aMONOCHROME & COIOUR TELEVISION | ||
| 260 |
_aNEW DELHI _bNEW AGE INTERNATIONAL PUB _c2010 |
||
| 300 | _aP.B,688 | ||
| 650 | _aE&TC | ||
| 690 | _aE&TC | ||
| 906 | _a2827 | ||
| 999 |
_c817022 _d817022 |
||